| 000 | 00614cam a22002058i 4500 | ||
|---|---|---|---|
| 001 | 23941486 | ||
| 005 | 20251126122807.0 | ||
| 008 | 241205s2025 enk b 001 0 eng | ||
| 020 | _a9781032782676 | ||
| 040 | _cPK-LaUMT | ||
| 082 | 0 | 0 |
_a658.4083 _bREZ-B |
| 100 | 1 |
_aRezaee, Zabihollah _98185 |
|
| 245 | 1 | 0 |
_aBusiness sustainability framework : _btheory and practice / _cby Zabihollah Rezaee |
| 260 |
_aLondon : _bRoutledge, _c2025 |
||
| 300 | _a479 p. | ||
| 650 | 0 |
_aSustainable development reporting. _98186 |
|
| 650 | 0 |
_aSocial accounting. _98187 |
|
| 650 | 0 |
_aEnvironmental auditing. _98188 |
|
| 942 | _cBK | ||
| 999 |
_c139276 _d139276 |
||